| 000 | 00348nam a22001337a 4500 | ||
|---|---|---|---|
| 020 | _a9780190842376 | ||
| 082 | _a305.6970 PAR | ||
| 100 | _aParvez, Z. Fareen | ||
| 245 | _aPoliticizing Islam: The Islamic Revival in France and India | ||
| 260 |
_aNew Delhi _bOxford University Press _c2017 |
||
| 300 | _a269 | ||
| 650 | _aIslam-India | ||
| 942 | _cBK | ||
| 999 |
_c23041 _d23041 |
||